| 000 | 00460nam a22001697a 4500 | ||
|---|---|---|---|
| 003 | OSt | ||
| 005 | 20260126015101.0 | ||
| 008 | 260126b |||||||| |||| 00| 0 eng d | ||
| 020 | _a978-142314266-9 | ||
| 040 |
_aDWCL - Main lib _cOC |
||
| 082 | _aFic. R585 2010 | ||
| 100 | _aRiordan, Rick | ||
| 245 |
_aThe red pyramid / _cRick, Riordan |
||
| 260 |
_aNew York : _bDisney.Hyperion books, _cc2010. |
||
| 300 |
_a516 p. : _c21 cm. |
||
| 942 |
_2ddc _cFIC. _mFic. _n0 |
||
| 999 |
_c7770 _d7770 |
||